Harry Potter Know-It-All Quiz Stats

 Plays Quiz not verified by Sporcle

Support Sporcle.
Go Orange.
Score 0/15 Timer 02:30
0 Plays Today
Hint Answer % Correct
Teacher of potionsSeverus
81.9%
The Chosen OneHarry
80.6%
Died on the Astronomy Tower Albus
79.2%
Kills Bellatrix LestrangeMolly
77.8%
Harry's godfatherSirius
77.8%
Teacher of divinationSybill
76.4%
Teacher of Defence Against the Dark Arts Year 5Dolores
76.4%
Teacher of transfigurationMinerva
75%
Hint Answer % Correct
Teacher of Defence Against the Dark Arts Year 2Gilderoy
75%
Destroyed the locketRon
73.6%
Writer of Fantastic Beasts and Where to Find ThemNewt
70.8%
Teacher of Defence Against the Dark Arts Year 4 Real NameBarty
69.4%
Editor of The QuibblerXenophilius
66.7%
Harrys teacher who dies in Battle of HogwartsRemus
62.5%
Teacher of charmsFilius
62.5%

You're not logged in!

Compare scores with friends on all Sporcle quizzes.
OR
Log In

From the Vault

Well-Known Movie by Tough Image IV

by Larryholmes79

You might have to watch these movies a few times before you recognize these scenes.
Remove Ads.
Support Sporcle.
Get the best of Sporcle when you Go Orange. This ad-free experience offers more features, more stats, and more fun while also helping to support Sporcle. Thank you for becoming a member.

Show Comments

Extras

Created Dec 27, 2018ReportNominate
Tags:Harry Potter Quiz, Harry

Top Quizzes Today


Score Distribution

Your Account Isn't Verified!

In order to create a playlist on Sporcle, you need to verify the email address you used during registration. Go to your Sporcle Settings to finish the process.

Report this User

Report this user for behavior that violates our Community Guidelines.

Details: